Quizzes
Events
Quiz Creation
Community
Videos
Private Events
Remove Ads
Sign In
Join for FREE
Feedback
Dark Mode
Quiz Categories
Sports
Geography
Music
Movies
Television
Just For Fun
Miscellaneous
History
Literature
Language
Science
Gaming
Entertainment
Religion
Holiday
For Kids
Quiz Lab
Recent
Popular Today
Quiz Kudos Today
Editor Picks
Curator Picks
Quizzes by...
Day
Popularity
Type
Ratings
Length
Year
Community
Subscriptions
Recent Discussions
Orange Saloon
Badges
Playlists
Quests
Create
Leaderboards
Showdown
Live 5
Trivia Bingo
Activity
Puzzle Library
Sporcle Events
Private Events
Virtual Trivia
Globe League
Become a Host
Pub Owners
SporcleCon
Opinionation
Our Games
Videos
Blog
Mobile Apps
Partnerships
Remove Ads and Go Orange
Feedback
Music
Pop Music
The Beatles
Song
Album
Lyrics
Bands
Singers
Artist
Clip
Rock
Rap
Classical
Billboard
Country Music
Kpop
Taylor Swift
Music
Pop Music
The Beatles
Song
Album
Lyrics
Bands
Singers
Artist
Clip
Rock
Rap
Classical
Billboard
Country Music
Kpop
Taylor Swift
Random Quiz
Search Sporcle
×
Quiz Lab
Quiz Lab
Music
Pop Music
Type in answers that appear in a list
Type in answers that appear in a list
Classic
Best Score? Go Orange.
Girls' Generation Korean Album's Songs Stats
Can you name the Girls' Generation Korean Album's Songs?
By
PROM15E213ELEIVE
25m
131 Questions
138 Plays
138 Plays
138 Plays
Comments
Comments
Give Quiz Kudos
Give Quiz Kudos
-
- Ratings
hide this ad
Replay
Link that replays current quiz
Next Quiz
Link to next quiz in quiz playlist
You Got
0%
They Got
Avg Score
46%
Avg Friend Score
Upgrade to see
Score Distribution
Jump to the score distribution portion of the page
Score
0/131
Timer
25:00
0
Plays Today
Album
Song
% Correct
Into the New World (2007)
Into the New World
99.3%
Gee (2009)
Gee
94.8%
Oh! (2010)
Oh!
94%
Tell Me Your Wish/
Genie (2009)
Tell Me Your Wish (Genie)
93.3%
The Boys (2011)
The Boys
91.8%
Hoot (2010)
Hoot
91%
Catch Me If You Can (2015)
Girls
90.2%
I Got a Boy (2013)
I Got a Boy
89.6%
Mr.Mr. (2014)
Mr.Mr.
89.6%
Lion Heart (2015)
Lion Heart
89.6%
Girls' Generation (2007)
Girls' Generation
86.6%
Lil Touch_
Oh! GG (2018)
Lil Touch
86.5%
Holiday Night (2017)
Holiday
86.5%
Catch Me If You Can (2015)
Catch Me If You Can
86.5%
Twinkle_
TTS (2012)
Twinkle
85.8%
Holler_
TTS (2014)
Holler
85.8%
Lion Heart (2015)
Party
84.3%
Dear Santa_
TTS (2015)
Dear Santa
82.8%
Holiday Night (2017)
All Night
81.1%
Girls' Generation (2007)
Kissing You
79.1%
Lion Heart (2015)
You Think
79.1%
Girls' Generation (2007)
Baby Baby
77.6%
Oh! (2010)
Run Devil Run
76.1%
I Got a Boy (2013)
Dancing Queen
72.4%
The Boys (2011)
Mr. Taxi
70.9%
OST_
TAEYEON
And One
70.3%
Lion Heart (2015)
Green Light
65.7%
Lil Touch_
Oh! GG (2018)
Fermata
64.9%
Into the New World (2007)
Beginning
62.4%
Girls' Generation (2007)
Honey
61.9%
Gee (2009)
Dear Mom
61.9%
Lion Heart (2015)
Check
61.9%
Into the New World (2007)
Perfect for You
61.7%
Girls' Generation (2007)
Complete
61.2%
Tell Me Your Wish/
Genie (2009)
Boyfriend
61.2%
Mr.Mr. (2014)
Goodbye
60.4%
Holiday Night (2017)
Girls Are Back
59.5%
Girls' Generation (2007)
Merry-Go-Round
59%
Gee (2009)
Way to Go!
59%
Tell Me Your Wish/
Genie (2009)
Etude
58.2%
Tell Me Your Wish/
Genie (2009)
Girlfriend
57.5%
Holler_
TTS (2014)
Adrenaline
57.5%
OST_
TAEYEON
IF
56.8%
Hoot (2010)
Snowy Wish
56.7%
Album
Song
% Correct
Oh! (2010)
Show! Show! Show!
56%
Oh! (2010)
Star Star Star
55.2%
I Got a Boy (2013)
Talk Talk
55.2%
Lion Heart (2015)
Talk Talk
55.2%
The Boys (2011)
Oscar
54.5%
I Got a Boy (2013)
Express 999
54.5%
Lion Heart (2015)
Bump It
54.5%
Oh! (2010)
Day by Day
53.7%
I Got a Boy (2013)
Baby Maybe
53.7%
I Got a Boy (2013)
XYZ
53.7%
Mr.Mr. (2014)
Europa
53%
Mr.Mr. (2014)
Back Hug
53%
Girls' Generation (2007)
Ooh La-La!
52.2%
Girls' Generation (2007)
Tears
52.2%
Girls' Generation (2007)
Tinkerbell
52.2%
Holler_
TTS (2014)
Whisper
52.2%
Girls' Generation (2007)
7989 (ft Kangta)
51.5%
Oh! (2010)
Echo
51.5%
Twinkle_
TTS (2012)
Baby Steps
51.5%
Holiday Night (2017)
Light Up The Sky
51.4%
The Boys (2011)
Trick
50.7%
Lion Heart (2015)
Fire Alarm
50.7%
I Got a Boy (2013)
Romantic St.
50%
Mr.Mr. (2014)
Wait A Minute
50%
Lion Heart (2015)
Paradise
50%
Hoot (2010)
My Best Friend
49.3%
The Boys (2011)
Vitamin
49.3%
I Got a Boy (2013)
Promise
49.3%
Mr.Mr. (2014)
Soul
49.3%
Holiday Night (2017)
Sweet Talk
48.6%
Oh! (2010)
Forever
47.8%
The Boys (2011)
My J
47.8%
I Got a Boy (2013)
Lost In Love
47.8%
Lion Heart (2015)
One Afternoon
47.8%
Lion Heart (2015)
Show Girls
47.8%
Lion Heart (2015)
Sign
47.8%
The Boys (2011)
Say Yes
47%
Twinkle_
TTS (2012)
Library
47%
Hoot (2010)
Mistake
46.3%
Twinkle_
TTS (2012)
OMG (Oh My God)
46.3%
Holiday Night (2017)
Fan
45.9%
The Boys (2011)
How Great Is Your Love
45.5%
Tell Me Your Wish/
Genie (2009)
My Child
44.8%
The Boys (2011)
Telepathy
44%
Album
Song
% Correct
The Boys (2011)
Lazy Girl
43.3%
The Boys (2011)
Sunflower
43.3%
Twinkle_
TTS (2012)
Good-bye, Hello
43.3%
Gee (2009)
Let's Talk About Love
42.5%
Tell Me Your Wish/
Genie (2009)
One Year Later (ft Onew)
42.5%
Gee (2009)
Destiny
41.8%
Oh! (2010)
Boys & Girls (ft Key)
41.8%
Oh! (2010)
Stick wit U
41%
Holler_
TTS (2014)
Stay
41%
Holler_
TTS (2014)
Only U
41%
Holiday Night (2017)
One Last Time
40.5%
OST_
TIFFANY
I'm Alone
40.5%
Oh! (2010)
Be Happy
39.6%
The Boys (2011)
Top Secret
38.8%
Oh! (2010)
Sweet Talking Baby
38.1%
Twinkle_
TTS (2012)
Checkmate
37.3%
Dear Santa_
TTS (2015)
Winter Story
37.3%
Oh! (2010)
Talk to Me
35.8%
Hoot (2010)
Wake Up
35.8%
Holiday Night (2017)
Only One
35.1%
OST_
TAEYEON
Can You Hear Me
35.1%
OST_
TIFFANY
Only One
35.1%
Holler_
TTS (2014)
Eyes
35.1%
Dear Santa_
TTS (2015)
Merry Christmas
35.1%
Twinkle_
TTS (2012)
Love Sick
32.8%
OST_
TIFFANY
Because It's You
32.4%
I Got a Boy (2013)
Look at Me
31.3%
Holiday Night (2017)
It's You
29.7%
Dear Santa_
TTS (2015)
First Snow
29.1%
Dear Santa_
TTS (2015)
I Like the Way
27.6%
OST_
TAEYEON
All With You
27%
OST_
TAEYEON
Closer
24.3%
OST_
Other
Butterfly (JESSICA)
24.3%
OST_
TAEYEON
I Love You
21.6%
OST_
TAEYEON
BYE
18.9%
OST_
TAEYEON
Missing You Like Crazy
16.2%
OST_
Other
Your Doll (SUNNY)
13.5%
OST_
TIFFANY
Rise & Shine (To The Beautiful You)
13.5%
Holiday Night (2017)
Love is Better
10.8%
OST_
TAEYEON
Love, that One Word
10.8%
OST_
Other
It's Love (SUNNY & TAEYEON)
10.8%
OST_
Other
It's Me (SUNNY)
10.8%
OST_
Other
Motion
10.8%
Quiz Playlist
Details
Report
Send in Message
Add To Playlist
Classic:
Type in answers that appear in a list
Last Updated: Feb 1, 2023
Quiz Scoreboard
CHALLENGE
Sign Up to Join the Scoreboard
Show All
Scores
Hide
Comments
May contain spoilers
Recently Published
Alphabetical 'K' Countries by Flag Minefield
by ylime102
Geography
3m
Pick 6: Fruits
by JohnFran
Miscellaneous
15s
Click the 1999 NBA Draft
by nibperrychub
Sports
2m
More to Explore
Quiz From the Vault
Featured Blog Post
15 Basketball Trivia Facts You Can Be March Mad About
hide this ad
You Might Also Like...
Tags
Album Quiz
Kpop Quiz
Pop Music Quiz
Song Quiz
Generation
girl
Girls Generation
Korean
SM Entertainment
snsd
Today's Top Quizzes in Music
Browse Music
hide this ad
Today's Top Quizzes in Pop Music
Browse Pop Music
Top Contributed Quizzes in Music
1
Taylor Swift All Songs (2024)
2
A Taylor Swift Logic Puzzle
3
KPOP LOGIC QUIZ
4
Taylor Swift Logic Puzzle
5
NCT 2020 Logic Puzzle
6
Guess the Taylor Swift song (Mystery Song)
7
Joni Mitchell—'Car on a Hill' Lyrics
8
Guess The Taylor Swift Lyrics Song #1
9
Lana Del Rey songs - match the song with the album
10
kpop group name match up
Explore More
Trending Topics
Anime
Kpop
Disney
Crossword
Marvel
Harry Potter
NBA
Pokémon
NFL
Puzzle
The Office
Soccer
Song
Country
WWE
hide this ad
More By:
PROM15E213ELEIVE
Quiz
Plays
Rating
Category
Featured
Created
Korean Dramas for Each Actor
2,962
5.00
Television
Jul 11, 2016
Korean Dramas for Each Actress
1,858
4.00
Television
Jul 11, 2016
Name Hit Songs of each SM Entertainment Artists
1,735
4.57
Music
Mar 29, 2018
Name SM Entertainment artists
1,226
4.43
Music
Feb 23, 2018
Name Korean Dramas until 2014
1,153
5.00
Television
Dec 26, 2013
Go to Creator's Profile
Score Distribution
Quiz Creator Spotlight
PROM15E213ELEIVE
Follow
Send a Message
Quizzes Created
-
Created Quiz Play Count
-
More By This Creator
Popular Quizzes Today
1
Find the US States - No Outlines Minefield
2
Countries of Asia Without Outlines Minefield
3
Pick 6: Fruits
4
The Countries of the World
5
Alphabetical 'K' Countries by Flag Minefield
6
Click the 1999 NBA Draft
7
Find the US States
8
Match the Book to the Film X
More Music Quizzes
BLACKPINK - Kill This Love English Lyrics
Quiz Lab
Trending Quizzes
Pick 6: Harry Potter
Pick 6: Mountains
Pick 6: NFL Teams
Pick 6: Movie Franchises
Pick 6: Golfers
Recently Updated
Women's Final Four Teams by Year
bhenderson79
Presidents Quartet II
eogle
Anything But Clue(do)
eogle
Anything But Oceanian Capitals
eogle
Anything But 7
eogle
Anything But Thing
eogle
Word Ladder: February 29
pecheneg
Song Title Questions
pecheneg
Women's NCAA Tournament #1 Seeds
pecheneg
Celebrity Mug Shots
pecheneg
Trending Topics
Marvel
NBA
Crossword
Anime
Disney
Harry Potter
Kpop
Pokémon
Song
WWE
Puzzle
Country
NFL
Soccer
The Office
Your Account Isn't Verified!
In order to create a playlist on Sporcle, you need to verify the email address you used during registration. Go to your
Sporcle Settings
to finish the process.
Report this User
Report this user for behavior that violates our
Community Guidelines
.
Details:
Send Report
Go to the Sporcle.com Mobile Site →
Comments